Learning Internet Of Things (Record no. 224105)

MARC details
000 -LEADER
fixed length control field 00569nam a2200169Ia 4500
008 - FIXED-LENGTH DATA ELEMENTS--GENERAL INFORMATION
fixed length control field 230714s9999 xx 000 0 und d
020 ## - INTERNATIONAL STANDARD BOOK NUMBER
International Standard Book Number 9780000000000
041 ## - LANGUAGE CODE
Language code of text/sound track or separate title eng
082 ## - DEWEY DECIMAL CLASSIFICATION NUMBER
Classification number 005.678
Item number WAH
100 ## - MAIN ENTRY--PERSONAL NAME
Personal name Waher P.
9 (RLIN) 201102
245 ## - TITLE STATEMENT
Title Learning Internet Of Things
Remainder of title Explore And Learn About Internet Of Things With The Help Of Engaging And Enlightening Tutorials Designed For Raspberry Pi
260 ## - PUBLICATION, DISTRIBUTION, ETC. (IMPRINT)
Date of publication, distribution, etc. 2015
Name of publisher, distributor, etc. Packt
300 ## - PHYSICAL DESCRIPTION
Extent 221
365 ## - TRADE PRICE
Currency code Rs.
Price amount 799.00
700 ## - ADDED ENTRY--PERSONAL NAME
Personal name Waher P.
9 (RLIN) 201102
906 ## - LOCAL DATA ELEMENT F, LDF (RLIN)
d O:0611614-Sep-2018B:TI/20180026129-Aug-2018
c TIT
b 2397

No items available.